书目信息 |
| 题名: |
中国古代寓言故事
|
|
| 作者: | 张红霞 , 陈子妹 编著 | |
| 分册: | ||
| 出版信息: | 西安 太白文艺出版社 2010.06 |
|
| 页数: | 181页 | |
| 开本: | 23cm | |
| 丛书名: | 品读国学精萃书系 | |
| 单 册: | ||
| 中图分类: | I276.4 | |
| 科图分类: | ||
| 主题词: | 寓言--yu yan--故事--中国--古代 | |
| 电子资源: | ||
| ISBN: | 978-7-80680-840-5 | |
| 000 | 00794nam 2200241 450 | |
| 001 | CAL 012010203754 | |
| 005 | 20111229084515.65 | |
| 010 | @a978-7-80680-840-5@dCNY25.00 | |
| 100 | @a20101011d2010 em y0chiy0121 ea | |
| 101 | 0 | @achi |
| 102 | @aCN@b610000 | |
| 105 | @aac z 000fy | |
| 200 | 1 | @a中国古代寓言故事@Azhong guo gu dai yu yan gu shi@f张红霞, 陈子妹编著 |
| 210 | @a西安@c太白文艺出版社@d2010.06 | |
| 215 | @a181页@c图, 肖像@d23cm | |
| 225 | 2 | @a品读国学精萃书系@Apin du guo xue jing cui shu xi@i中国文化故事 |
| 410 | 0 | @12001 @a品读国学精萃书系@i中国文化故事 |
| 606 | 0 | @a寓言@Ayu yan@x故事@y中国@z古代 |
| 690 | @aI276.4@v4 | |
| 701 | 0 | @a张红霞@Azhang hong xia@4编著 |
| 701 | 0 | @a陈子妹@Achen zi mei@4编著 |
| 801 | 0 | @aCN@bZZRC@c20111229 |
| 905 | @aZUCC@dI276.4@eZ110@f3 | |
| 中国古代寓言故事/张红霞, 陈子妹编著.-西安:太白文艺出版社,2010.06 |
| 181页:图, 肖像;23cm.-(品读国学精萃书系.中国文化故事) |
| ISBN 978-7-80680-840-5:CNY25.00 |
| ● |
| 相关链接 |
|
|
|
正题名:中国古代寓言故事
索取号:I276.4/Z110
 
预约/预借
| 序号 | 登录号 | 条形码 | 馆藏地/架位号 | 状态 | 备注 |
| 1 | 1185919 | 211859194 | 文学库116/116文学库 12排4列5层/ [索取号:I276.4/Z110] | 在馆 | |
| 2 | 1185920 | 211859201 | 社科二线400B/116文学库 12排4列5层/ [索取号:I276.4/Z110] | 在馆 | |
| 3 | 1185921 | 211859210 | 文学库116/116文学库 12排4列5层/ [索取号:I276.4/Z110] | 在馆 |